ALL Colonies of the Roman Empire in 211 AD with a Map - Statistics

General Stats
  • This quiz has been taken 1,825 times
  • The average score is 33 of 302
Answers on the Map
Answers color-coded by a green-red scale on the quiz's map according to % correct below.
 
Answer Stats
Coloniae % Correct
Londinium (London)
87%
Carthago (Tunis)
73%
Neapolis (Naples)
66%
Barcino (Barcelona)
63%
Aelia Capitolina (Jerusalem)
60%
Milevum (Mila)
57%
Olisippo (Lisbon)
56%
Mediolanum (Milan)
50%
Panormus (Palermo)
50%
Florentia (Florence)
47%
Valentia (Valencia)
47%
Oea (Tripoli)
46%
Hispalis (Seville)
45%
Icosium (Algiers)
45%
Lugdunum (Lyon)
44%
Eboracum (York)
42%
Augusta Taurinorum (Turin)
41%
Serdica (Sofia)
41%
Vienna (Vienne)
41%
Syracusae (Syracuse)
40%
Colonia Agrippinensis (Cologne)
37%
Knossos (Heraklion)
37%
Berytus (Beirut)
35%
Corduba (Córdoba)
35%
Pisae (Pisa)
35%
Bononia (Bologna)
34%
Korinthos (Corinth)
34%
Aquincum (Budapest)
33%
Carales (Cagliari)
33%
Chullu (Collo)
33%
Tingis (Tangier)
33%
Gaza
32%
Antioch (Antakya)
30%
Catana (Catania)
29%
Verona
29%
Antiochia Caesareia (Yalvaç)
28%
Caesaraugusta (Zaragoza)
28%
Gades (Cádiz)
28%
Tyros (Tyre)
27%
Comana (Şar)
24%
Tarentum (Taranto)
23%
Narbo Martius (Narbonne)
22%
Parma
22%
Sala (Rabat)
22%
Augusta Treverorum (Trier)
21%
Luca (Lucca)
21%
Mutina (Modena)
21%
Cirta (Constantine)
20%
Philippopolis (Plovdiv)
20%
Tarraco (Tarragona)
20%
Thenae (Sfax)
20%
Dyrrhachium (Durrës)
19%
Ancona
18%
Patrai (Patras)
18%
Saena Iulia (Siena)
18%
Sidon
18%
Ariminum (Rimini)
17%
Camulodunum (Colchester)
17%
Deultum (Burgas)
17%
Emona (Ljubljana)
17%
Lindum (Lincoln)
17%
Nova Carthago (Cartagena)
17%
Pola (Pula)
17%
Pollentia (Bra)
17%
Scupi (Skopje)
17%
Sinope (Sinop)
17%
Glevum (Gloucester)
16%
Iader (Zadar)
16%
Ostia Antica (Ostia)
16%
Salernum (Salerno)
16%
Caesarea Philippi (Banias)
15%
Flavia (Melilla)
15%
Hadrumetum (Sousse)
15%
Mogontiacum (Mainz)
15%
Nemausus (Nîmes)
15%
Ptolemais (Acre)
15%
Aquae Sextiae (Aix-en-Provence)
14%
Brixia (Brescia)
14%
Caesarea Mauritaniae (Cherchell)
14%
Capua
14%
Emesa (Homs)
14%
Hippo Regius (Annaba)
14%
Iconium (Konya)
14%
Napoca (Cluj-Napoca)
14%
Ruscino (Perpignan)
14%
Arca Caesarea (Arqa)
13%
Arelate (Arles)
13%
Caesarea Maritima (Caesarea)
13%
Alexandria Troas (Dalyan)
12%
Apulum (Alba Iulia)
12%
Augusta Emerita (Mérida)
12%
Beneventum (Benevento)
12%
Leptis Minor (Monastir)
12%
Alba Pompeia (Alba)
11%
Hippo Diarhyttus (Bizerte)
11%
Neapolis (Kavala)
11%
Arretium (Arezzo)
10%
Asta Regia (Jerez de la Frontera)
10%
Laus Pompeia (Lodi Vecchio)
10%
Leptis Magna (Al-Khums)
10%
Neapolis (Nabeul)
10%
Carcasum (Carcassonne)
9%
Colonia (Aksaray)
9%
Colonia (Şebinkarahisar)
9%
Hadria (Atri)
9%
Laodicea (Latakia)
9%
Lilybaeum (Marsala)
9%
Olbasa (Belenli)
9%
Placentia (Piacenza)
9%
Valentia (Valence)
9%
Ascalonia (Ashkelon)
8%
Carpi (El Mraïssa)
8%
Cremona
8%
Lares (Henchir-Lorbeus)
8%
Pax Iulia (Beja)
8%
Rusguniae (El Marsa)
8%
Utica
8%
Arausio (Orange)
7%
Baeterrae (Beziers)
7%
Forum Iulii (Fréjus)
7%
Lugdunum Convenarum (Saint-Betrand-de-Comminges)
7%
Nicopolis (Preveza)
7%
Pella
7%
Colonia Ulpia Traiana (Xanten)
6%
Diospolis (Lod)
6%
Hipponium (Vibo Valentia)
6%
Ilici (Elche)
6%
Norba Caesarina (Cáceres)
6%
Scalabis (Santarém)
6%
Sopianae (Pécs)
6%
Tacapae (Gabès)
6%
Aleria (Aléria)
5%
Antium (Anzio)
5%
Celeia (Celje)
5%
Germa (Babadat)
5%
Italica
5%
Nicopolis (Koyulhisar)
5%
Philippi (Filippoi)
5%
Pisaurum (Pesaro)
5%
Sirmium (Sremska Mitrovica)
5%
Tauromenium (Taormina)
5%
Vardacate (Casale Monferrato)
5%
Bostra (Bosra)
4%
Carnuntum
4%
Dura-Europos (Al-Salihiyah)
4%
Emporiae (Empúries)
4%
Heliopolis (Baalbek)
4%
Mursa (Osijek)
4%
Potentia Romanorum (Potenza)
4%
Puteoli (Pozzuoli)
4%
Reii Apollinaris (Riez)
4%
Saldae (Béjaïa)
4%
Seleucia Pieria (Samandağ)
4%
Sicca Veneria (El Kef)
4%
Volturnum (Castel Volturno)
4%
Asculum (Ascoli Piceno / Ascoli Satriano)
3%
Astigi (Écija)
3%
Ateste (Este)
3%
Augusta Raurica (Augst)
3%
Banasa (Sidi Ali Boujenoun)
3%
Bulla Regia (Jendouba)
3%
Capsa (Gafsa)
3%
Cartenna (Ténès)
3%
Claudiopolis (Mut)
3%
Dion
3%
Drobeta (Drobeta-Turnu Severin)
3%
Dyme (Kato Achaia)
3%
Gerasa (Jerash)
3%
Lixus (Larache)
3%
Luna (Luni)
3%
Paestum
3%
Pollentia (Pollença)
3%
Resaina (Ras al-Ayn)
3%
Rusicade (Skikda)
3%
Sabratha
3%
Sarmizegetusa
3%
Savaria (Szombathely)
3%
Segesta (Calatafimi-Segesta)
3%
Setifis (Sétif)
3%
Tarquinii (Tarquinia)
3%
Thamugadi
3%
Thapsus (Bekalta)
3%
Thurii (Sibari)
3%
Zama Regia (Sers)
3%
Zilis (Asilah)
3%
Acci (Guadix)
2%
Aequum (Čitluk)
2%
Aesernia (Isernia)
2%
Anxur (Terracina)
2%
Apamea (Qalaat al-Madiq)
2%
Apamea Myrlea (Mudanya)
2%
Aprus (Kermeyan)
2%
Apta Iulia (Apt)
2%
Assuras (Henchir-Zenfour)
2%
Augusta Tricastinorum (Saint-Paul-Trois-Châteaux)
2%
Auzia (Sour El-Ghozlane)
2%
Aventicum (Avenches)
2%
Babba
2%
Bovianum (Bojano)
2%
Brigetio (Komárom)
2%
Buthrotum
2%
Cabellio (Cavaillon)
2%
Calama (Guelma)
2%
Cales (Calvi Risorta)
2%
Canusium (Canosa di Puglia)
2%
Carrhae (Harran)
2%
Carteia (San Roque)
2%
Celsa (Velilla de Ebro)
2%
Cibalae (Vinkovci)
2%
Cillium (Kasserine)
2%
Clunia (Peñalba de Castro)
2%
Clusium (Chiusi)
2%
Clypia (Kelibia)
2%
Cosa (Ansedonia)
2%
Cuicul (Djémila)
2%
Curubis (Korba)
2%
Dertona (Tortona)
2%
Elusa (Eauze)
2%
Epidaurum (Cavtat)
2%
Eporedia (Ivrea)
2%
Equestris (Nyon)
2%
Flaviobriga (Castro Urdiales)
2%
Igilgili (Jijel)
2%
Kassandreia
2%
Liternum (Giugliano in Campania)
2%
Luceria (Lucera)
2%
Lystra (Hatunsaray)
2%
Mactaris (Maktar)
2%
Mallus (Kızıltahta)
2%
Mariana (Lucciana)
2%
Metellinum (Medellín)
2%
Minturnae (Minturno)
2%
Misenum (Miseno)
2%
Narona
2%
Nisibis (Nusaybin)
2%
Nuceria Alfaterna (Nocera Superiore)
2%
Octodurum (Martigny)
2%
Oescus (Gigen)
2%
Olba (Uzuncaburç)
2%
Oppidum Novum (Aïn Defla)
2%
Parium (Biga)
2%
Poetovium (Ptuj)
2%
Quiza Xenitana (Sidi Bellater)
2%
Scodra (Shkodër)
2%
Sebaste (Sebastia)
2%
Sena Gallica (Senigallia)
2%
Singara (Sinjar)
2%
Sipontum (Siponto)
2%
Siscia (Sisak)
2%
Sora
2%
Sufetula (Sbeitla)
2%
Thabraca (Tabarka)
2%
Thabudeos (Sidi Okba)
2%
Tharros (Cabras)
2%
Thélepte
2%
Thermae (Termini Imerese)
2%
Theveste (Tébessa)
2%
Tipasa (Tipaza)
2%
Tubusuctu (El Ksour)
2%
Tucci (Martos)
2%
Turris Libisonis (Porto Torres)
2%
Tyana (Kemerhisar)
2%
Tyndaris (Patti)
2%
Urso (Osuna)
2%
Uthina
2%
Venusia (Venosa)
2%
Vescera (Biskra)
2%
Virunum (Magdalensberg)
2%
Volaterrae (Volterra)
2%
Aeclanum (Mirabella Eclano)
1%
Ammaedara (Haïdra)
1%
Bassiana (Ruma)
1%
Buxentum (Policastro Bussentino)
1%
Byllis (Hekal)
1%
Cambodunum (Kempten)
1%
Canatha (Qanawat)
1%
Castrum Novum (Giulianova)
1%
Comama (Şerefönü)
1%
Cornus
1%
Cremna (Bucak)
1%
Faustinopolis (Toraman)
1%
Gadara (Umm Qais)
1%
Libisosa (Lezuza)
1%
Lucus Feroniae (Capena)
1%
Madauros (M'Daourouch)
1%
Mascula (Khenchela)
1%
Nedinum (Nadin)
1%
Parlais
1%
Photice (Paramythia)
1%
Ratiaria (Archar)
1%
Romula (Dobrosloveni)
1%
Rusazus (Azeffoun)
1%
Rusellae (Roselle)
1%
Salaria
1%
Scylletium (Borgia)
1%
Simitthus (Chemtou)
1%
Thuburbo Maius (Henchir-el-Kasba)
1%
Thuburbo Minus (Tebourba)
1%
Uselis (Usellus)
1%
Uzinaza (Saneg)
1%
Zuccabar (Miliana)
1%
Ucubi (Espejo)
0%
No matching quizzes found
Score Distribution
Percent of People with Each Score
Percentile by Number Answered
Your Score History
You have not taken this quiz